000 00466pab a2200157 454500
008 180718b1997 xxu||||| |||| 00| 0 eng d
100 _aWood, Adrian
245 _aOpenness and wage inequality in developing countries: the Latin American challenge to East-Asian conventional wisdom
260 _c1997
300 _ap.33-57
362 _aJan
650 _aWages - Developing countries
650 _aWages
773 _aWorld Bank Economic Review
909 _a33562
999 _c33562
_d33562